| 000 | 03978cam a2200829Ii 4500 | ||
|---|---|---|---|
| 001 | on1017757733 | ||
| 003 | OCoLC | ||
| 005 | 20200320223531.0 | ||
| 008 | 180104t20171987nyua j 000 1 eng d | ||
| 019 | _a989984439 | ||
| 020 |
_a9780735843028 _q(hardcover) |
||
| 020 |
_a0735843023 _q(hardcover) |
||
| 035 |
_a(OCoLC)1017757733 _z(OCoLC)989984439 |
||
| 040 |
_aVPW _beng _erda _cVPW _dVPW _dOCLCF _dOCLCA _dYDX _dBDX _dCHILD _dT7X _dCNCBE _dJDP _dOCLCO _dVHP _dOCL _dLKC _dOCLCO _dW5F _dOCLCO _dOCL _dWACOL |
||
| 043 | _ar------ | ||
| 049 | _aWACL | ||
| 050 | 4 | _aE398.2AND2017 | |
| 092 | _a[E] | ||
| 092 |
_achildrens _bAnd |
||
| 100 | 1 |
_aAndersen, H. C. _q(Hans Christian), _d1805-1875. _96714 |
|
| 245 | 1 | 4 |
_aThe Snow Queen / _cby Hans Christian Andersen ; illustrated by Bernadette Watts. |
| 264 | 1 |
_aNew York : _bNorthSouth, _c2017. |
|
| 264 | 4 | _c©1987 | |
| 300 |
_a1 volume (unpaged) : _bcolor illustrations ; _c29 cm |
||
| 336 | _atext | ||
| 336 | _astill image | ||
| 337 | _aunmediated | ||
| 338 | _avolume | ||
| 500 | _aFirst published in the United States, Great Britain, Canada, Australia, and New Zealand in 1987 by North-South Books"--T.p. verso. | ||
| 520 | _aThe story that was the inspiration for The Lion, the Witch, and the Wardrobe by C.S. Lewis and more recently, Frozen by Disney is re-designed in celebration of 50 years of working with Bernadette Watts--one of Europe's most recognized and beloved fairy-tale artists, known in Europe simply as Bernadette. When a young boy is cursed and unable to detect goodness, a young girl goes on a courageous journey to restore his heart and free him from the palace of the Snow Queen. | ||
| 521 |
_achildrens _bmicromarketing |
||
| 650 | 0 |
_aSnow Queen (Fictitious character) _vJuvenile fiction. _96021132 |
|
| 650 | 0 |
_aQuests (Expeditions) _vJuvenile fiction. _95675013 |
|
| 650 | 0 |
_aFriendship _vJuvenile fiction. _95673647 |
|
| 650 | 0 |
_aKidnapping _vJuvenile fiction. _95673689 |
|
| 651 | 0 |
_aArctic regions _vJuvenile fiction. _95708284 |
|
| 650 | 0 |
_aFairy tales. _96021133 |
|
| 650 | 0 |
_aFairy tales _zDenmark. _9100914 |
|
| 650 | 0 |
_aFolklore _vJuvenile literature. _95676915 |
|
| 650 | 0 |
_aFolklore _zDenmark _vJuvenile literature. _96021134 |
|
| 650 | 7 |
_aFairy tales. _2fast _0(OCoLC)fst00919916 _96021133 |
|
| 650 | 7 |
_aFolklore. _2fast _0(OCoLC)fst00930306 _96021135 |
|
| 650 | 7 |
_aFriendship. _2fast _0(OCoLC)fst00935174 _96021136 |
|
| 650 | 7 |
_aKidnapping. _2fast _0(OCoLC)fst00987322 _96021137 |
|
| 650 | 7 |
_aQuests (Expeditions) _2fast _0(OCoLC)fst01085708 _96021138 |
|
| 650 | 7 |
_aSnow Queen (Fictitious character) _2fast _0(OCoLC)fst01738189 _96021139 |
|
| 651 | 7 |
_aArctic regions. _2fast _0(OCoLC)fst01240227 _96021140 |
|
| 651 | 7 |
_aDenmark. _2fast _0(OCoLC)fst01204558 _96021141 |
|
| 650 | 1 |
_aSnow Queen (Fictitious character) _vFiction. _96021142 |
|
| 650 | 1 |
_aQuests (Expeditions) _vFiction. _95676172 |
|
| 650 | 1 |
_aFriendship _vFiction. _95673769 |
|
| 650 | 1 |
_aKidnapping _vFiction. _95673693 |
|
| 651 | 1 |
_aArctic regions _vFiction. _95691374 |
|
| 650 | 1 |
_aFairy tales. _96021133 |
|
| 650 | 1 |
_aFairy tales _zDenmark. _9100914 |
|
| 650 | 1 |
_aFolklore. _96021135 |
|
| 650 | 1 |
_aFolklore _zDenmark. _998986 |
|
| 655 | 7 |
_aFairy tales. _2fast _0(OCoLC)fst01726605 _96021143 |
|
| 655 | 7 |
_aFiction. _2fast _0(OCoLC)fst01423787 _95673940 |
|
| 655 | 7 |
_aJuvenile works. _2fast _0(OCoLC)fst01411637 _95673941 |
|
| 655 | 7 |
_aFairy tales. _2lcgft _96021143 |
|
| 655 | 7 |
_aFolklore _vJuvenile literature. _2gsafd _96021144 |
|
| 655 | 7 |
_aFolklore. _2gsafd _96021145 |
|
| 700 | 1 |
_aWatts, Bernadette, _eillustrator. _917804 |
|
| 938 |
_aChildren's Plus, Inc. _bCHIL _n2042684 |
||
| 938 |
_aBrodart _bBROD _n120262452 |
||
| 938 |
_aYBP Library Services _bYANK _n14553017 |
||
| 942 |
_cBOOK _00 |
||
| 948 |
_a03/06/2020 _zSirsi |
||
| 994 |
_aC0 _bWACOL |
||
| 996 |
_a176087 _b34301001637125 _cJNF _dbk _ewcl _fi _g0 _h17.95 _lmicromarketing _m398.2 And _p03/07/2020 _q03/13/2020 |
||
| 999 |
_c324596 _d324595 |
||